Normal view MARC view
  • Studies in the history of religions ;

Entry Uniform Title

Number of records used in: 4

001 - CONTROL NUMBER

  • control field: 12847

003 - CONTROL NUMBER IDENTIFIER

  • control field: NUST

005 - DATE AND TIME OF LATEST TRANSACTION

  • control field: 20190102045440.0

008 - FIXED-LENGTH DATA ELEMENTS

  • fixed length control field: 190102|| aca||aabn | a|a d

040 ## - CATALOGING SOURCE

  • Original cataloging agency: NUST
  • Transcribing agency: NUST

130 ## - HEADING--UNIFORM TITLE

  • Uniform title: Studies in the history of religions ;
  • Form subdivision: 36.

670 ## - SOURCE DATA FOUND

  • Source citation: Work cat.: (NUST)0: Schimmel, Annemarie, 1922-2003. 12842, Pain and grace :, 1976.
© 2023 Central Library, National University of Sciences and Technology. All Rights Reserved.